Countries James Brown Visited - Statistics

General Stats
  • This quiz has been taken 10 times
  • The average score is 45 of 47
Answer Stats
Continent Country % Correct
South America Argentina
100%
Oceania Australia
100%
Europe Austria
100%
Europe Belgium
100%
South America Brazil
100%
North America Canada
100%
Asia China
100%
South America Colombia
100%
Europe Croatia
100%
Europe Denmark
100%
Europe Finland
100%
Europe France
100%
Europe Germany
100%
Europe Greece
100%
Europe Hungary
100%
Europe Iceland
100%
Asia Indonesia
100%
Europe Ireland
100%
Europe Italy
100%
Asia Japan
100%
Europe Latvia
100%
North America Mexico
100%
Europe Monaco
100%
Africa Morocco
100%
Europe Norway
100%
Europe Poland
100%
Europe Portugal
100%
Europe Serbia
100%
Asia South Korea
100%
Europe Spain
100%
Europe Switzerland
100%
Europe United Kingdom
100%
North America United States of America
100%
South America Uruguay
100%
South America Chile
89%
Africa Democratic Republic of the Congo
89%
Europe Estonia
89%
Europe Netherlands
89%
Oceania New Zealand
89%
Europe Romania
89%
Europe Slovenia
89%
Africa Tunisia
89%
Asia/ Europe Turkey
89%
South America Venezuela
89%
Europe Czech Republic
78%
Asia Malaysia
78%
Africa Ivory Coast
67%
No matching quizzes found
Score Distribution
Percent of People with Each Score
Percentile by Number Answered
Your Score History
You have not taken this quiz